Shopping centres tipped to lead investment revival (Record no. 83200)
[ view plain ]
| 000 -LEADER | |
|---|---|
| fixed length control field | 01060cab a22001935a 4500 |
| 001 - CONTROL NUMBER | |
| control field | L153129 |
| 008 - FIXED-LENGTH DATA ELEMENTS--GENERAL INFORMATION | |
| fixed length control field | 110613e2011 xxk 000 0 eng d |
| 035 ## - SYSTEM CONTROL NUMBER | |
| System control number | (Sirsi) u153129 |
| 041 0# - LANGUAGE CODE | |
| Language code of text/sound track or separate title | eng |
| 110 2# - MAIN ENTRY--CORPORATE NAME | |
| Corporate name or jurisdiction name as entry element | Property Week |
| 9 (RLIN) | 1549 |
| 245 00 - TITLE STATEMENT | |
| Title | Shopping centres tipped to lead investment revival |
| 260 ## - PUBLICATION, DISTRIBUTION, ETC. | |
| Date of publication, distribution, etc. | 2011 |
| 490 #0 - SERIES STATEMENT | |
| Series statement | Property Week |
| Volume/sequential designation | 77(23) 10 June 2011, 36(1) |
| 520 ## - SUMMARY, ETC. | |
| Summary, etc. | The UK commercial property market activity is about to pick up with the release shortly of the first significant tranche of stock in 2011. Prime yields were unchanged in May for the fourth month running according to the latest Cushman & Wakefield UK property investment market briefing, standing at an average of 5.68%. Greater interest has been shown in second-tier or short-income London offices by UK funds and property companies. Tables present comparative yields across all commercial subsectors at a number of dates. |
| 590 ## - LOCAL NOTE (RLIN) | |
| Local note | KA |
| 651 #4 - SUBJECT ADDED ENTRY--GEOGRAPHIC NAME | |
| Geographic name | United Kingdom |
| Chronological subdivision | |
| 690 ## - LOCAL SUBJECT ADDED ENTRY--TOPICAL TERM (OCLC, RLIN) | |
| Topical term or geographic name as entry element | PROPERTY-COMMERCIAL PROPERTY-COMMERCIAL PROPERTY FINANCE AND INVESTMENT |
| 942 ## - ADDED ENTRY ELEMENTS (KOHA) | |
| Suppress in OPAC | 0 |
| Withdrawn status | Lost status | Source of classification or shelving scheme | Damaged status | Not for loan | Home library | Current library | Shelving location | Date acquired | Total Checkouts | Full call number | Barcode | Date last seen | Copy number | Price effective from | Koha item type |
|---|---|---|---|---|---|---|---|---|---|---|---|---|---|---|---|
| Dewey Decimal Classification | London | London | Journal article | 13/06/2011 | L153129 | 153129-1001 | 06/08/2019 | 1 | 06/08/2019 | Journal article |